<?xml version="1.0" encoding="UTF-8"?>
<collection xmlns="http://www.loc.gov/MARC21/slim">
 <record>
  <leader>02419nam a2200217Ia 4500</leader>
  <controlfield tag="001">CTU_233366</controlfield>
  <controlfield tag="008">210402s9999    xx            000 0 und d</controlfield>
  <datafield tag="082" ind1=" " ind2=" ">
   <subfield code="a">370.7</subfield>
  </datafield>
  <datafield tag="082" ind1=" " ind2=" ">
   <subfield code="b">Tr106</subfield>
  </datafield>
  <datafield tag="088" ind1=" " ind2=" ">
   <subfield code="a">8140111</subfield>
  </datafield>
  <datafield tag="100" ind1=" " ind2=" ">
   <subfield code="a">Lý, Thị Minh Trang</subfield>
  </datafield>
  <datafield tag="245" ind1=" " ind2="0">
   <subfield code="a">Vietnamese EFL pre-service teachers’ perceptions of the effects of teaching practicum experiences on their professional identity development :</subfield>
  </datafield>
  <datafield tag="245" ind1=" " ind2="0">
   <subfield code="b">Master of education program: Principles and methods in English langguage education</subfield>
  </datafield>
  <datafield tag="245" ind1=" " ind2="0">
   <subfield code="c">Lý Thị Minh Trang ; Trần Thị Thanh Huế (Hướng dẫn khoa học)</subfield>
  </datafield>
  <datafield tag="260" ind1=" " ind2=" ">
   <subfield code="a">Cần Thơ</subfield>
  </datafield>
  <datafield tag="260" ind1=" " ind2=" ">
   <subfield code="b">Trường Đại học Cần Thơ</subfield>
  </datafield>
  <datafield tag="260" ind1=" " ind2=" ">
   <subfield code="c">2019</subfield>
  </datafield>
  <datafield tag="520" ind1=" " ind2=" ">
   <subfield code="a">This study explored Vietnamese English as a foreign language (EFL) pre-service teachers’ perceptions of the effects of teaching practicum experiences on their professional identity development. Particularly, the study aimed to find out the supports and challenges of teaching practicum that affect the development of the professional identity of English teachers of pedagogy. Currently, the training of educational human resources, especially English teachers, plays a huge role in the implementation of the national language project. However, studies on the professional identity of English pre-service teachers still remain scarce in the Vietnamese context. Therefore, this paper reports a descriptive research to explore the perceptions of Vietnamese EFL pre-service teachers on the development of professional identities before and after English teaching practicum at high schools in Mekong Delta. The study employed semi-structured interviews and document analysis to collect data from 10 pre-service teacher participating on teaching practicum at high schools. The findings provide deep insights into the English pre-service teachers’ practicum experiences which provided a perceived enhancement in their own professional identities. The study has an important contribution to research on teachers’ professional identities as well as recommendations for pre-service teachers and stakeholders to improve the effectiveness of teaching practicum in the professional development and professional competencies of pre-service teachers in Vietnam.</subfield>
  </datafield>
  <datafield tag="650" ind1=" " ind2=" ">
   <subfield code="a">Phương pháp giảng dạy,Teaching methods</subfield>
  </datafield>
  <datafield tag="910" ind1=" " ind2=" ">
   <subfield code="c">tvtrong</subfield>
  </datafield>
  <datafield tag="980" ind1=" " ind2=" ">
   <subfield code="a">Trung tâm Học liệu Trường Đại học Cần Thơ</subfield>
  </datafield>
 </record>
</collection>
